000 00861nam a2200229Ia 4500
001 16671
003 GE_BSU
008 181216s||||||||xx |||||||||||||| ||und||
040 _cGE_BSU
080 _a327.84(09) + 355.40
100 _aჩერნიაკი, ეფიმ
245 _aხუთასწლიანი ფარული ომი
245 _bდაზვერვის ისტორიიდან
245 _cთარგმნეს რ. ბარკალაიამ და ნ. ძოწენიძემ
260 _aთბილისი
260 _bსაბჭ. საქართველო
260 _c1969
300 _a623გვ. ; 22სმ
653 _aდაზვერვის ისტორიიდან
653 _aხუთასწლიანი ფარული ომი
942 _cBK
999 _c49736
_d49736